000 00782nam a2200253Ia 4500
003 OSt
005 20220928113821.0
006 a|||||r|||| 00| 0
007 ta
008 220927b |||||||| |||| 00| 0 eng d
020 _cINR 995.00
024 _a144046
037 _b009, 10/02/2021, Excel Book International
_cTextual
040 _aSDCL
_cSDCL
_beng
041 _2eng
_aeng
082 _aY5927, R1
100 _aMocherla Ashok Kumar
_9435404
245 0 _aDalit christians in south India
_b Caste, ideology and lived religion
260 _aLondon
_bRoutledge
_c2021
300 _avii-139p.
_ccm.
650 _aEnglish
942 _hY5927, R1
_cTEXL
_2CC
999 _c751600
_d751600